Serious juvenile crime : a redirected federal effort.

Bibliographic Details
Corporate Authors: United States. Office of Juvenile Justice and Delinquency Prevention, United States. National Advisory Committee for Juvenile Justice and Delinquency Prevention
Format: Government Document Book
Language:English
Published: Washington, D.C. : U.S. Dept. of Justice, Office of Juvenile Justice and Delinquency Prevention, 1985.
Subjects:

MARC

Tag First Indicator Second Indicator Subfields
LEADER 00000cam a2200000 a 4500
001 in00000856422
005 20151019071942.0
008 840401s1985 dcua b f00000 eng d
010 |a gp 86001438  
035 |a (OCoLC)10609593 
035 |9 AED7654AM 
040 |a LNL  |c LNL  |d GPO  |d MvI-ocm  |d UtOrBLW 
043 |a n-us--- 
074 |a 718-A-5 
086 0 |a J 32.2:Se 6/2  |z J 32.2:Se 6 
245 0 0 |a Serious juvenile crime :  |b a redirected federal effort. 
264 1 |a Washington, D.C. :  |b U.S. Dept. of Justice, Office of Juvenile Justice and Delinquency Prevention,  |c 1985. 
300 |a iii, 24 pages :  |b illustrations ;  |c 23 cm. 
336 |a text  |b txt  |2 rdacontent 
337 |a unmediated  |b n  |2 rdamedia 
338 |a volume  |b nc  |2 rdacarrier 
500 |a "Report of the National Advisory Committee for Juvenile Justice and Delinquency Prevention." 
500 |a "March 1984." 
504 |a Includes bibliographical references. 
650 0 |a Juvenile delinquency  |z United States  |x Prevention. 
710 1 |a United States.  |b Office of Juvenile Justice and Delinquency Prevention. 
710 1 |a United States.  |b National Advisory Committee for Juvenile Justice and Delinquency Prevention. 
999 |a MARS 
999 f f |s 7cfd4f55-4209-3553-8db5-d56d5a442f80  |i fafa8338-598d-30eb-b94c-733a33894c86  |t 0 
952 f f |p normal  |a Texas A&M University  |b College Station  |c Sterling C. Evans Library  |d Evans: US Documents (Annex 5th floor)  |t 0  |e J 32.2:Se 6/2  |h Superintendent of Documents classification  |i unmediated -- volume  |m A14812379789 
998 f f |a J 32.2:Se 6/2  |t 0  |l Evans: US Documents (Annex 5th floor)